High Court Civil Suit No. 84 OF 1998 Gapco (U) Limited Vs Mohamed Muwanga (Record no. 4640)
[ view plain ]
| 000 -LEADER | |
|---|---|
| fixed length control field | 00310nam a22000977a 4500 |
| 008 - FIXED-LENGTH DATA ELEMENTS--GENERAL INFORMATION | |
| fixed length control field | 110708t xxu||||| |||| 00| 0 eng d |
| 010 ## - LIBRARY OF CONGRESS CONTROL NUMBER | |
| LC control number | HCCF11 |
| 245 ## - TITLE STATEMENT | |
| Title | High Court Civil Suit No. 84 OF 1998 Gapco (U) Limited Vs Mohamed Muwanga |
| 260 ## - PUBLICATION, DISTRIBUTION, ETC. (IMPRINT) | |
| Date of publication, distribution, etc | 1998 |
| 500 ## - GENERAL NOTE | |
| General note | BEFORE: THE HONOURABLE LADY JUSTICE C.K. BYAMUGISHA |
| Withdrawn status | Lost status | Source of classification or shelving scheme | Damaged status | Koha normalized classification for sorting | Not for loan | Location (home branch) | Sublocation or collection (holding branch) | Shelving location | Date acquired | Koha issues (times borrowed) | Koha full call number | Piece designation (barcode) | Koha date last seen | Price effective from | Koha item type |
|---|---|---|---|---|---|---|---|---|---|---|---|---|---|---|---|
| Dewey Decimal Classification | HCCF__11 | Law Development Centre Main Library | Law Development Centre Main Library | Reference | 07/08/2011 | HCCF_11 | 84/1998/2 | 07/08/2011 | 07/08/2011 | Un Reported Cases | |||||
| Dewey Decimal Classification | HCCF__11 | Law Development Centre Main Library | Law Development Centre Main Library | Reference | 07/08/2011 | HCCF_11 | 84/1998/3 | 07/08/2011 | 07/08/2011 | Un Reported Cases |
